Alive in Christ: (Record no. 13033)

000 -LEADER
fixed length control field 00636nam a2200193 a 4500
001 - CONTROL NUMBER
control field :::00010851$&:&@@
003 - CONTROL NUMBER IDENTIFIER
control field OkBaRHE
005 - DATE AND TIME OF LATEST TRANSACTION
control field 20100401170541.0
008 - FIXED-LENGTH DATA ELEMENTS--GENERAL INFORMATION
fixed length control field s1995 j 000 0 eng u
040 ## - CATALOGING SOURCE
Transcribing agency
100 1# - MAIN ENTRY--PERSONAL NAME
Personal name Price, Charles W. (Charles Wesley)
245 10 - TITLE STATEMENT
Title Alive in Christ:
Remainder of title how to find renewed spiritual power.
260 ## - PUBLICATION, DISTRIBUTION, ETC. (IMPRINT)
Place of publication, distribution, etc Grand Rapids, MI., :
Name of publisher, distributor, etc Kregel Publications
Date of publication, distribution, etc 1995
300 ## - PHYSICAL DESCRIPTION
Extent 126 p. ;
Dimensions 20 cm.
650 ## - SUBJECT ADDED ENTRY--TOPICAL TERM
Topical term or geographic name as entry element Christian life
650 ## - SUBJECT ADDED ENTRY--TOPICAL TERM
Topical term or geographic name as entry element Typology (Theology)
942 ## - ADDED ENTRY ELEMENTS (KOHA)
Source of classification or shelving scheme
Koha item type Books
Copies
Koha item type Not for loan Price effective from Date acquired Withdrawn status Full call number Lost status Shelving location Date last seen Source of classification or shelving scheme Barcode Permanent Location Copy number Damaged status
Books 2010-04-142010-04-14 BV 4501.2 .P69 1995 General Stacks2010-04-14 10851RHEMA Bible Training College1